How languages are learned
Sparad:
| Huvudupphovsmän: | , |
|---|---|
| Materialtyp: | Bok |
| Språk: | engelska |
| Publicerad: |
Oxford
Oxford University
1999
|
| Upplaga: | 2a. ed |
| Serie: | Oxford Handbooks for Language Teachers
|
| Ämnen: | |
| Taggar: |
Lägg till en tagg
Inga taggar, Lägg till första taggen!
|
MARC
| LEADER | 00000nam a2200000 a 4500 | ||
|---|---|---|---|
| 001 | UCL0621 | ||
| 003 | CL-VaPUC | ||
| 008 | 030728e19990000UK |||||||||||||||||eng|d | ||
| 020 | |a 0194370003 | ||
| 082 | 0 | 4 | |a 401.93 |b LIG |2 21 |
| 100 | |a Lightbown, Patsy M. |e autora |9 582790 | ||
| 700 | 0 | |a Spada, Nina |e author |9 477294 | |
| 245 | 1 | 0 | |a How languages are learned |
| 250 | |a 2a. ed | ||
| 300 | |a 192 p | ||
| 942 | |c BK | ||
| 945 | |d 20030728 00:00:00 |a cmena | ||
| 260 | |a Oxford |b Oxford University |c 1999 | ||
| 650 | 0 | |a Adquisición del lenguaje |9 309032 | |
| 650 | 0 | |a Educación lingüística |9 306506 | |
| 650 | 0 | |a Lingüística |9 265068 | |
| 583 | |a last modification |c 20030728 00:00:00 |k Rodrigo Vera | ||
| 490 | 0 | |a Oxford Handbooks for Language Teachers | |
| 999 | |c 304436 |d 304434 | ||
| 952 | |0 0 |1 0 |4 0 |6 401_930000000000000_LIG_1999 |7 0 |8 A |9 366727 |a FDOPOS |b FDOPOS |d 2019-11-21 |i 3925072 |o 401.93 LIG 1999 |p 3925072 |r 2025-01-22 |w 2019-11-21 |y BK |k MLA | ||